How thinking is writing: A analytic approach to writing
Saved in:
| Main Author: | |
|---|---|
| Format: | Book |
| Language: | Undetermined |
| Published: |
Boston
D.C.Health
1963
|
| Subjects: | |
| Tags: |
Add Tag
No Tags, Be the first to tag this record!
|
| Institutions: | Trung tâm Học liệu Trường Đại học Cần Thơ |
|---|
| LEADER | 00509nam a2200181Ia 4500 | ||
|---|---|---|---|
| 001 | CTU_187 | ||
| 008 | 210402s9999 xx 000 0 und d | ||
| 082 | |a 408 | ||
| 082 | |b H177 | ||
| 100 | |a Lawrence Sargent Hall | ||
| 245 | 0 | |a How thinking is writing: A analytic approach to writing | |
| 245 | 0 | |c Lawrence Sargent Hall | |
| 260 | |a Boston | ||
| 260 | |b D.C.Health | ||
| 260 | |c 1963 | ||
| 650 | |a language and languages | ||
| 904 | |i Minh,960718 | ||
| 980 | |a Trung tâm Học liệu Trường Đại học Cần Thơ | ||